00729nam a2200241 a 4500001001300000003000900013005001700022008004100039020001000080082002100090100002500111245006500136260003900201300000900240500003500249505001000284650001700294700002500311902000800336942000700344952012100351999001500472nice12345678IN_TiNIC20260116011613.0050524s1925 mysa grp 000 0 eng  ac10000a305.4095414bURQ aUrquhart M, Margaret aWomen of Bengalb Study of the Hindu Paranasins of Calcutta. aMysorebWesley Mission Pressc1925 a165p aincludes index and biblioraphy2 aIndex aWomen-Bengal1 aUrquhart M, Margaret bSRS cBK 001040708StackRoom-aHMIbHMId2007-03-23g100.00l0o305.4095414 URQp03007r2007-03-23v100.00w2005-05-24yBK c2837d2837